000 00719nam a2200229 a 4500
005 20151217093203.0
008 140224b1992 ck ||||| |||| 00| 0 spa d
040 _aCO-BoIAVH
_cCO-BoIAVH
041 _aspa
044 _ack
090 _aLB
_b00998
111 _aReunión de la Asociación Colombiana de Herbarios
_cCartagena
_d1992
_944788
245 _aCurso taller sistemática y taxonomía de Rubiaceas colombianas
260 _aCartagena
_bFundación Jardín Botánico Guillermo Piñerez
_c1992
300 _a50 p.
650 _aSistemática
_93510
650 _aTaxon
_910119
650 _aDescripciones taxonómicas
_944789
650 _aClaves taxonómicas
_93514
662 _aColombia
942 _cINFORME
_2z
999 _c1009
_d1009